Statistics for Most Common U.S. Ancestries

Click here to take the quiz!

General Stats

  • This quiz has been taken 48,895 times
  • The average score is 15 of 26

Answer Stats

PercentageAncestry% Correct
15.2%German
99%
3.0%French
91%
10.8%Irish
90%
0.8%Chinese
90%
0.8%Spanish
89%
8.7%English
89%
6.5%Mexican
88%
5.6%Italian
87%
0.9%Russian
85%
2.8%American Indian
77%
3.2%Polish
74%
0.5%Indian
73%
1.4%Swedish
70%
1.6%Dutch
65%
1.7%Scottish
63%
8.8%African-American
57%
1.6%Norwegian
52%
0.5%Danish
49%
0.6%Welsh
46%
0.8%Filipino
30%
0.9%Puerto Rican
20%
7.2%American
19%
0.9%Hispanic
13%
0.8%French Canadian
4%
0.7%European
4%
1.5%Scotch-Irish
4%

Score Distribution

Percentile by Number Answered

Percent of People with Each Score

Your Score History

You have not taken this quiz